[Event "Remote-chT2 Bd.2/2 email"]
[Site "Remote email"]
[Date "2013.02.15"]
[Round "?"]
[White "Hoch, Hubertus"]
[Black "Rosche, Ernst"]
[Result "1/2-1/2"]
[WhiteElo "2346"]
[BlackElo "2464"]
[PlyCount "70"]
[EventDate "2013.??.??"]
[EventType "tourn (corr)"]
[EventRounds "8"]
[EventCountry "GER"]
[SourceTitle "Corr 2015"]
[Source "ChessBase"]
[SourceDate "2015.07.17"]
[SourceVersion "1"]
[SourceVersionDate "2015.07.17"]
[SourceQuality "1"]

1. b4 Nf6 2. Bb2 e6 3. a3 b6 4. e3 Be7 5. Nf3 0-0 6. c4 c5 7. bxc5 bxc5 8. Nc3 Nc6 9. Na4 Rb8 10. Be2 d5 11. Bxf6 Bxf6 12. Rc1 d4 13. Nxc5 Be7 14. Nd3 Bxa3 15. Rb1 Rxb1 16. Qxb1 Be7 17. Qb5 Bd7 18. Qb7 dxe3 19. fxe3 a5 20. Nfe5 Nxe5 21. Nxe5 Bc8 22. Qb5 Bb4 23. Nd3 Bd7 24. Qb7 Qc8 25. Qxc8 Rxc8 26. Nxb4 axb4 27. Kf2 e5 28. Rb1 Rb8 29. d4 Kf8 30. Bd3 f5 31. g3 Ke7 32. Ke1 g5 33. Kd2 h5 34. Kc2 exd4 35. exd4 f4 1/2-1/2

[Event "Remote-chT2 Bd.2/1 email"]
[Site "Remote email"]
[Date "2012.11.06"]
[Round "?"]
[White "Rosche, Ernst"]
[Black "Hoch, Hubertus"]
[Result "1/2-1/2"]
[WhiteElo "2167"]
[BlackElo "2346"]
[PlyCount "104"]
[EventDate "2012.??.??"]
[EventType "tourn (corr)"]
[EventRounds "8"]
[EventCountry "GER"]
[SourceTitle "Corr 2015"]
[Source "ChessBase"]
[SourceDate "2015.07.17"]
[SourceVersion "1"]
[SourceVersionDate "2015.07.17"]
[SourceQuality "1"]

1. e4 c5 2. Nf3 Nc6 3. Nc3 g6 4. d4 cxd4 5. Nxd4 Bg7 6. Be3 Nf6 7. Bc4 0-0 8. Bb3 Qa5 9. f3 d6 10. Qd2 Nxd4 11. Bxd4 Be6 12. 0-0-0 Rfc8 13. Kb1 Bxb3 14. cxb3 Rc6 15. g4 Rac8 16. a3 Nd7 17. Nd5 Qxd2 18. Nxe7+ Kf8 19. Rxd2 Kxe7 20. Bxg7 f6 21. Bh6 Ne5 22. Rf1 g5 23. h4 Rg8 24. hxg5 fxg5 25. Rh2 Ke8 26. Rh5 Nf7 27. f4 gxf4 28. Bxf4 h6 29. Rh4 Rg6 30. Rfh1 Rc7 31. Bxh6 Nxh6 32. Rxh6 Rxg4 33. Re6+ Kd7 34. Rh7+ Kc6 35. Rhh6 Rd7 36. e5 Rd4 37. Re8 Kc7 38. e6 Rg7 39. Rh2 d5 40. b4 Re4 41. Ka2 d4 42. Kb3 d3 43. Kc3 Re2 44. Rh1 a6 45. Kxd3 Rxb2 46. Re1 Rbg2 47. Re4 R7g4 48. Rxg4 Rxg4 49. e7 Kd7 50. Rb8 Kxe7 51. Rxb7+ Kd8 52. Kc3 Rg3+ 1/2-1/2

[Event "GER-Cup17 qual-12 Server email"]
[Site "GER email"]
[Date "2009.01.02"]
[Round "?"]
[White "Hoch, Hubertus"]
[Black "Vadljan, Marcus Franz"]
[Result "1-0"]
[WhiteElo "1905"]
[BlackElo "1648"]
[PlyCount "111"]
[EventDate "2008.??.??"]
[EventType "tourn (corr)"]
[EventRounds "6"]
[EventCountry "GER"]
[SourceTitle "Corr 2011"]
[Source "ChessBase"]
[SourceDate "2010.08.31"]
[SourceVersion "1"]
[SourceVersionDate "2010.08.31"]
[SourceQuality "1"]

1. b4 e5 2. Bb2 Bxb4 3. Bxe5 Nf6 4. e3 Nc6 5. Bb2 d5 6. Nf3 0-0 7. Be2 Re8 8. 0-0 Qe7 9. d3 Be6 10. Nbd2 a6 11. a3 Bc5 12. d4 Bd6 13. c4 Bf5 14. c5 Bf4 15. Qb3 Na5 16. Qc3 Nc6 17. Bd3 Bxd3 18. Qxd3 Bh6 19. Rfb1 Rab8 20. Ra2 b5 21. cxb6 Rxb6 22. Ba1 Rxb1+ 23. Qxb1 Qe6 24. Rc2 Ng4 25. Nf1 Rb8 26. Qc1 Na5 27. Rxc7 g6 28. h3 Nb3 29. Qd1 Qb6 30. Rc2 Nxa1 31. Qxa1 Nf6 32. Ne5 Ne4 33. Nd7 Qb1 34. Qxb1 Rxb1 35. g4 Bg5 36. Kg2 Bh4 37. Nc5 Nxf2 38. Rxf2 Bxf2 39. Kxf2 Rb2+ 40. Kf3 a5 41. Ng3 Rh2 42. Nb7 Rb2 43. Nxa5 Rb6 44. g5 f6 45. h4 fxg5 46. hxg5 Ra6 47. Nb7 Rxa3 48. Ne2 Ra1 49. Kf2 Ra7 50. Nd8 Ra6 51. Nf4 Rd6 52. Nde6 Rd7 53. Nc5 Rd6 54. Kf3 Kf7 55. Nfe6 Rb6 56. Kf4 1-0

[Event "GER-Cup17 qual-12 Server email"]
[Site "GER email"]
[Date "2009.01.02"]
[Round "?"]
[White "Wolff, Peter"]
[Black "Hoch, Hubertus"]
[Result "1/2-1/2"]
[WhiteElo "1971"]
[BlackElo "1905"]
[PlyCount "106"]
[EventDate "2008.??.??"]
[EventType "tourn (corr)"]
[EventRounds "6"]
[EventCountry "GER"]
[SourceTitle "Corr 2011"]
[Source "ChessBase"]
[SourceDate "2010.08.31"]
[SourceVersion "1"]
[SourceVersionDate "2010.08.31"]
[SourceQuality "1"]

1. c4 e5 2. Nc3 Nf6 3. g3 d5 4. cxd5 Nxd5 5. Bg2 Nf6 6. Nf3 Nc6 7. 0-0 Be7 8. d3 0-0 9. Be3 Ng4 10. Bd2 h6 11. Rc1 Be6 12. Na4 Re8 13. a3 Qd7 14. b4 Nf6 15. b5 Nd8 16. Nc5 Bxc5 17. Rxc5 e4 18. dxe4 Nxe4 19. Rc1 Nxd2 20. Qxd2 Qxb5 21. Nd4 Qb6 22. e3 Bd7 23. Rc3 c6 24. Rfc1 Qa5 25. Nb3 Qc7 26. Rd3 Bc8 27. Nd4 Qe7 28. e4 f6 29. Nf5 Bxf5 30. exf5 Nf7 31. Rd7 Qxa3 32. Rxb7 Rad8 33. Qc2 Ne5 34. Bxc6 Nxc6 35. Qxc6 Re7 36. Rxe7 Qxe7 37. Qc3 Qd7 38. Qf3 a5 39. Ra1 Qb5 40. Kg2 Rd5 41. Rb1 Qd7 42. Rb8+ Kh7 43. g4 a4 44. h3 Rb5 45. Rf8 Ra5 46. Qe4 a3 47. Qe6 Qd5+ 48. Qxd5 Rxd5 49. Ra8 Rd3 50. f4 g5 51. fxg6+ Kxg6 52. Ra6 Kf7 53. h4 Rc3 1/2-1/2

[Event "GER Cup17 sf10 email"]
[Site "GER email"]
[Date "2008.05.31"]
[Round "?"]
[White "Boehnke, Hartmut"]
[Black "Hoch, Hubertus"]
[Result "1/2-1/2"]
[WhiteElo "2010"]
[BlackElo "1905"]
[PlyCount "47"]
[EventDate "2008.??.??"]
[EventType "tourn (corr)"]
[EventRounds "6"]
[EventCountry "GER"]
[SourceTitle "Corr 2011"]
[Source "ChessBase"]
[SourceDate "2010.08.31"]
[SourceVersion "1"]
[SourceVersionDate "2010.08.31"]
[SourceQuality "1"]

1. e4 c5 2. Nf3 Nc6 3. d4 cxd4 4. Nxd4 g6 5. c4 Bg7 6. Be3 Nf6 7. Nc3 Ng4 8. Qxg4 Nxd4 9. Qd1 Nc6 10. Qd2 0-0 11. Be2 d6 12. 0-0 Qa5 13. Rac1 Be6 14. b3 f5 15. exf5 Bxf5 16. Rfd1 Rad8 17. Bh6 Rd7 18. Qe3 Qc5 19. h3 Rf7 20. Bxg7 Qxe3 21. fxe3 Kxg7 22. g4 Be6 23. Nb5 g5 24. Kg2 1/2-1/2

[Event "GER KF-31 Class1 email"]
[Site "GER email"]
[Date "2007.11.07"]
[Round "?"]
[White "Mirbach, Thomas"]
[Black "Hoch, Hubertus"]
[Result "1-0"]
[WhiteElo "1918"]
[BlackElo "1905"]
[PlyCount "113"]
[EventDate "2007.??.??"]
[EventType "tourn (corr)"]
[EventRounds "6"]
[EventCountry "GER"]
[SourceTitle "Corr 2008"]
[Source "ChessBase"]
[SourceDate "2008.06.24"]
[SourceVersion "1"]
[SourceVersionDate "2008.06.24"]
[SourceQuality "1"]

1. d4 d5 2. c4 dxc4 3. Nf3 c6 4. e3 Bf5 5. Bxc4 e6 6. Nc3 Nf6 7. a4 Nbd7 8. 0-0 Bb4 9. Qe2 Bg4 10. h3 Bh5 11. e4 Nb6 12. Bb3 Bxf3 13. Qxf3 Qxd4 14. Rd1 Qe5 15. a5 Nbd7 16. Bf4 Qh5 17. g4 Qg6 18. a6 bxa6 19. Rxa6 Nc5 20. Rxc6 Nxb3 21. e5 0-0 22. exf6 Qxf6 23. Ne4 Qxb2 24. Qd3 a5 25. Rb1 Rad8 26. Qxb3 Qxb3 27. Rxb3 Rd4 28. Re3 f5 29. Bd6 Bxd6 30. Nxd6 fxg4 31. h4 Rdf4 32. Rc2 Rf3 33. Rxf3 Rxf3 34. Kg2 h5 35. Rc5 Rd3 36. Rc8+ Kh7 37. Nf7 Rd5 38. Ng5+ Kg6 39. Nxe6 Kf6 40. Rc6 Re5 41. Ng5+ Kf5 42. Rc7 Kg6 43. Ra7 Rd5 44. Kg3 Kf6 45. Kf4 Rf5+ 46. Ke4 Re5+ 47. Kd4 Rf5 48. Ne4+ Kg6 49. Ra6+ Kh7 50. Ng5+ Kg8 51. Ke3 Kf8 52. Ra8+ Ke7 53. Ra7+ Kd6 54. Rxg7 Kc6 55. f4 a4 56. Ra7 Kb5 57. Ne6 1-0

[Event "GER-Cup17 qual-12 Server email"]
[Site "GER email"]
[Date "2007.07.23"]
[Round "?"]
[White "Hoch, Hubertus"]
[Black "Wuerzebesser, Ray"]
[Result "1/2-1/2"]
[WhiteElo "2312"]
[BlackElo "2240"]
[PlyCount "38"]
[EventDate "2007.??.??"]
[EventType "tourn (corr)"]
[EventRounds "6"]
[EventCountry "GER"]
[SourceTitle "Corr 2020"]
[Source "ChessBase"]
[SourceDate "2019.09.30"]
[SourceVersion "1"]
[SourceVersionDate "2019.09.30"]
[SourceQuality "1"]

1. b4 e5 2. Bb2 Bxb4 3. Bxe5 Nf6 4. e3 0-0 5. Nf3 d5 6. Bb2 Re8 7. Be2 Be6 8. 0-0 Qe7 9. c4 dxc4 10. Qc2 Nc6 11. Bxc4 Bxc4 12. Qxc4 Bd6 13. d3 Nd7 14. Nbd2 Nce5 15. Nxe5 Bxe5 16. Rab1 Rad8 17. Nf3 Nb6 18. Qc2 Bxb2 19. Rxb2 c6 1/2-1/2